| 000 | 00584nam a2200229Ia 4500 | ||
|---|---|---|---|
| 008 | 160803s9999 xx 000 0 und d | ||
| 020 | _a9780439389181 | ||
| 100 | _aPallota, Jerry | ||
| 245 | _aIcky bug shapes / | ||
| 245 | _cby Jerry Pallotta ; illustrated by Shennen Bersani. | ||
| 260 | _aNew York : | ||
| 260 | _bScholastic Inc. | ||
| 260 | _c2003 | ||
| 300 | _a1 v. (unpaged) : | ||
| 300 | _bcolor illustrations ; | ||
| 300 | _c21 x 26 cm. | ||
| 650 | _aInsects. | ||
| 650 | _aShapes -- | ||
| 650 | _aShapes. | ||
| 650 | _xJuvenile fiction. | ||
| 700 | _a490 | ||
| 999 |
_c298197 _d298197 |
||